| 000 | 01803nam2a22003011 4500 | ||
|---|---|---|---|
| 001 | RU\NLR\A1SV\29915 | ||
| 005 | 20251203152403.2 | ||
| 035 | _a(NLR Aleph) 009713815 | ||
| 090 |
_a13479262 _c13479262 |
||
| 100 | _a20110204d1922 u y0rusy50 ca | ||
| 101 | 0 | _arus | |
| 200 | 0 | _aАльманах 1 | |
| 215 | _a127 с. | ||
| 327 | 1 |
_aВиктория Казимировна / Мих.Зощенко _aВ пустыне / Лев Лунц _aСиний зверюшка / Всев.Иванов _aДикий / Мих.Слонимский _aДези / Ник.Никитин _aПесьи души / Конст.Федин _aХроника города Лейпцига / В.Каверин |
|
| 461 | 1 |
_1001RU\NLR\A1SV\29914 _12000#$vАльманах 1 _99846220 _cПг. _d1922 _nАлконост _tСерапионовы братья _vАльманах 1 |
|
| 702 | 1 |
_7ca _8rus _aСлонимский _bМ. Л. _f1897-1972 _gМихаил Леонидович _9234643 _3RU\NLR\AUTH\770234699 |
|
| 702 | 1 |
_4570 _7ca _8rus _aНикитин _bН. Н. _cписатель _f1895-1963 _gНиколай Николаевич _961087 _3RU\NLR\AUTH\7778159 |
|
| 702 | 1 |
_aФедин _bК. А. _f1892-1977 _gКонстантин Александрович |
|
| 702 | 1 |
_7ca _8rus _aКаверин _bВ. А. _f1902-1989 _gВениамин Александрович _98203 _3RU\NLR\auth\7725154 |
|
| 702 | 1 |
_4070 _7ca _8rus _aЗощенко _bМ. М. _f1894-1958 _gМихаил Михайлович _9120112 _3RU\NLR\auth\7710334 |
|
| 702 | 1 |
_aЛунц _bЛ. Н. _f1901-1924 _gЛев Натанович |
|
| 702 | 1 |
_7ca _8rus _aИванов _bВ. В. _cписатель _f1895-1963 _gВсеволод Вячеславович _924810 _3RU\NLR\auth\7741862 |
|
| 801 | 0 |
_aRU _bNLR _c20110204 |
|
| 852 | _aNLR | ||
| 942 | _cBOOK | ||
| 980 | _aA1SV | ||
| 980 | _aNB | ||